000 00720nam a2200241Ia 4500
003 OSt
005 20220926032942.0
006 a|||||r|||| 00| 0
007 ta
008 220923b |||||||| |||| 00| 0 eng d
037 _cGeneral Book
040 _aRTL
_cRTL
_beng
041 _2eng
_aeng
082 _aB325, K2
100 _aGranville William Anthony, and others
_9338354
245 0 _aElements of the differential and integral calculus
260 _aToronto
_bBlaisdell
_c1962
300 _axi,556p
_ccm.
490 _aBlaisdell International Textbook Series
650 _aCalculus
942 _hB325, K2
_cGB
_2CC
999 _c655901
_d655901